000 00438nam a2200145 a 4500
005 20140412111232.0
008 000825s19uu xx 00 eng d
020 _a0-88705-642-3
050 _aTR(GS 513.2
_bB629 1991
245 _a1234 the counting :
_blift-the-flap book /
_cillustrated by John Blackman.
260 _aWestport, CT :
_bWishing Well Books,
_c1991.
300 _a1 v. (unp.) ; ill.
650 _aCounting
999 _c102197
_d102197